000 01751cam a2200505 a 4500
001 21763
003 VRT
005 20260309141210.0
008 200115s2016 xo a a 000 j slo
015 _aSNBA2017/03
020 _a9788081147821
_q(viaz.)
035 _aurn:nbn:sk:snk-am00cwv2
035 _aurn:nbn:sk:snk-am3hmus
035 _aFB245FD4-9163-49A3-ADDB-6E8128BFC42E
039 9 _a202001151559
_bVLOAD
_c201801241240
_dVLOAD
_c201708180640
_dmskpk06
_c201705111349
_dmsavuk02
040 _aPPPK
_bslo
_cPPPK
_dSNK
_eAACR2
041 0 _aslo
044 _axo
_cSK
072 7 _a821.162.4-3
_xSlovenská próza
_2konspekt
072 7 _a821-93
_xLiteratúra pre deti a mládež (beletria)
_2konspekt
080 _a821.162.4-34
_22011
080 _a82-93-053.2
_22011
100 1 _aUrgelová, Ivana
_4aut
_4ill
245 1 0 _aO mackovi Maťkovi
_brozprávka z lesa
_c[text a ilustrácie] Ivana Urgelová
246 3 0 _aRozprávka z lesa
250 _a1. vyd.
260 _aBratislava
_bMarenčin PT
_c2016
300 _a30 s.
_bfareb. ilustr.
_c24 cm
655 7 _aslovenské rozprávky
_2SNKPH
655 7 _apublikácie pre deti
_2SNKPH
655 7 _aSlovak fairy tales
_2SNKPHeng
655 7 _aChildren’s literature
_2SNKPHeng
910 _apppk
910 _apokpoh
910 _asnk
910 _asavuk
910 _askpk
942 _2ddc
_cKLDE
_n0
949 _6270001000553395
_asvkbbB 56116
_bsvkbbm 766406
949 _617A1252896
_asnkSC 173097
_bsnk2017/3765
_o271/17
_s6100:20170308
949 _617A1252897
_asnkSC 173097 D1
_bsnk2017/3766
_o271/17
949 _62889324633
_asavukPV 23843
_bsavuk2017/1487
949 _6273K0628912
_asvkpoB 104025
_bsvkpo623646
999 _c21763
_d21763